00743nam a2200169Ia 450000500170000000800410001702000150005808200130007310000170008624500440010326000490014730000110019650002480020794200060045595200970046199900150055820240603234153.0240331s9999 xx 000 0 und d a9718605169 bBRAa362 aAzcuna,C. ed 0aBrave little women :ba study on incest aManilabInstitute of Women's Educationc1995 a62 p., aBrave Little Women is a joint project of the Inter-Institutional Consortium of: De La Salle University, Philippine Normal University, St.Pauls' College and St.Scholastica's with the support of the Board for Christian Higher Education in Asia.  cL 001040708LaWERCLbWERCLcSSCd2024-03-31l0o 362.8 BRAp5026r2024-03-31w2024-03-31yL c2928d2928